[Event "HUN-chT U18"]
[Site "Miskolc"]
[Date "2010.11.04"]
[Round "4.9"]
[White "Rikk, Zoran"]
[Black "Huszar, Reka"]
[Result "1/2-1/2"]
[WhiteElo "1557"]
[BlackElo "1864"]
[PlyCount "71"]
[EventDate "2010.11.02"]
[EventType "team-swiss"]
[EventRounds "8"]
[EventCountry "HUN"]
[SourceTitle "EXT 2016"]
[Source "ChessBase"]
[SourceDate "2015.10.08"]
[SourceVersion "1"]
[SourceVersionDate "2015.10.08"]
[SourceQuality "1"]

1. e4 c5 2. Nf3 Nc6 3. d4 cxd4 4. Nxd4 Nf6 5. Nc3 e5 6. Ndb5 d6 7. Bg5 a6 8. Na3 b5 9. Nd5 Be7 10. Bxf6 Bxf6 11. c4 b4 12. Nc2 a5 13. g3 0-0 14. Bg2 Ba6 15. b3 Bg5 16. 0-0 Ra7 17. Qd3 Bc8 18. a4 f5 19. exf5 Bxf5 20. Be4 Raf7 21. Bxf5 Rxf5 22. Nde3 R5f7 23. Rad1 Bxe3 24. Qxe3 Qc7 25. Qe4 Kh8 26. Rd2 Ne7 27. Ne3 Qc5 28. Rfd1 Rf6 29. Rf1 h6 30. Nd5 Nxd5 31. Qxd5 Qb6 32. Kg2 Kh7 33. Qe4+ Kh8 34. Qd5 Kh7 35. Qe4+ Kh8 36. Qd5 1/2-1/2

[Event "HUN-chT U18"]
[Site "Miskolc"]
[Date "2010.11.03"]
[Round "2.11"]
[White "Rikk, Zoran"]
[Black "Gergely, Akos"]
[Result "0-1"]
[WhiteElo "1557"]
[BlackElo "1829"]
[PlyCount "92"]
[EventDate "2010.11.02"]
[EventType "team-swiss"]
[EventRounds "8"]
[EventCountry "HUN"]
[SourceTitle "EXT 2016"]
[Source "ChessBase"]
[SourceDate "2015.10.08"]
[SourceVersion "1"]
[SourceVersionDate "2015.10.08"]
[SourceQuality "1"]

1. e4 e5 2. Nf3 Nc6 3. Bb5 a6 4. Bxc6 dxc6 5. 0-0 Bg4 6. d3 Qf6 7. Be3 Bxf3 8. Qxf3 Qxf3 9. gxf3 Bd6 10. Kh1 Ne7 11. Nd2 0-0-0 12. Rg1 Ng6 13. Rg5 f6 14. Rg4 Rhf8 15. Nc4 f5 16. Nxd6+ cxd6 17. Rg5 f4 18. Bb6 Rd7 19. Rg4 Rf6 20. Rag1 Rff7 21. R1g2 Nf8 22. Ba5 Ne6 23. Bc3 g5 24. Rg1 Rf6 25. h3 b5 26. Kh2 c5 27. b3 b4 28. Bb2 Rg7 29. h4 h5 30. hxg5 Rfg6 31. R4g2 h4 32. c3 Kd7 33. a3 Nxg5 34. Kh1 a5 35. axb4 axb4 36. cxb4 cxb4 37. d4 Ke6 38. dxe5 dxe5 39. Rg4 h3 40. Bc1 h2 41. R1g2 Rd7 42. Bxf4 exf4 43. Rxf4 Rh6 44. Rxh2 Nh3 45. Rf5 Rd1+ 46. Kg2 Rg1# 0-1

[Event "HUN-chT2 Szechenyi 0910"]
[Site "Hungary"]
[Date "2010.03.21"]
[Round "8.12"]
[White "Toth, Daniel"]
[Black "Rikk, Zoran"]
[Result "0-1"]
[WhiteElo "2103"]
[BlackElo "1595"]
[PlyCount "72"]
[EventDate "2009.11.08"]
[EventType "team-tourn"]
[EventRounds "11"]
[EventCountry "HUN"]
[SourceTitle "EXT 2011"]
[Source "ChessBase"]
[SourceDate "2010.11.26"]
[SourceVersion "1"]
[SourceVersionDate "2010.11.26"]
[SourceQuality "1"]
[WhiteTeam "Keszthely"]
[BlackTeam "Baki Agrocentrum"]
[WhiteTeamCountry "HUN"]
[BlackTeamCountry "HUN"]

1. c4 e5 2. Nc3 Nc6 3. g3 d6 4. Bg2 Nf6 5. d3 h6 6. a3 Be6 7. b4 Rb8 8. b5 Na5 9. Qa4 b6 10. f4 exf4 11. Bxf4 d5 12. cxd5 Nxd5 13. Nxd5 Bxd5 14. Bxd5 Qxd5 15. Nf3 Bd6 16. Bxd6 Qxd6 17. Qe4+ Qe7 18. Qxe7+ Kxe7 19. 0-0 c5 20. bxc6 Nxc6 21. d4 Rhd8 22. Rad1 Rd5 23. e4 Ra5 24. Rd3 b5 25. d5 Nd8 26. Nd4 Rb6 27. Nf5+ Kf8 28. e5 b4 29. axb4 Rxb4 30. Rc1 Ra2 31. Ne3 Re4 32. Rc8 Ke8 33. e6 Re2 34. Nf5 Rb4 35. exf7+ Kxf7 36. Rxd8 Rb1+ 0-1

[Event "HUN-chT2 Szechenyi 0910"]
[Site "Hungary"]
[Date "2009.12.06"]
[Round "3.12"]
[White "Ugroczky, Peter"]
[Black "Rikk, Zoran"]
[Result "1-0"]
[WhiteElo "1658"]
[BlackElo "1595"]
[PlyCount "39"]
[EventDate "2009.11.08"]
[EventType "team-tourn"]
[EventRounds "11"]
[EventCountry "HUN"]
[SourceTitle "EXT 2011"]
[Source "ChessBase"]
[SourceDate "2010.11.26"]
[SourceVersion "1"]
[SourceVersionDate "2010.11.26"]
[SourceQuality "1"]
[WhiteTeam "HVSE Infraplan"]
[BlackTeam "Baki Agrocentrum"]
[WhiteTeamCountry "HUN"]
[BlackTeamCountry "HUN"]

1. e4 c6 2. Nc3 d5 3. Qf3 e6 4. exd5 cxd5 5. Bb5+ Bd7 6. Bxd7+ Nxd7 7. d4 Ngf6 8. Nge2 a6 9. 0-0 Bd6 10. Bf4 Bxf4 11. Qxf4 Nb6 12. Qg5 Rg8 13. Nf4 h6 14. Qg3 Ke7 15. Rfe1 Qd6 16. Qf3 Rac8 17. Nh5 Nxh5 18. Qxh5 Qf4 19. Rad1 Nc4 20. Nxd5+ 1-0